Teatro

Uloženo v:
Podrobná bibliografie
Hlavní autor: Vega, Lope de (Autor)
Médium: Kniha
Jazyk:španělština
Vydáno: Barcelona Océano 2000
Edice:Biblioteca Universal
Témata:
Tagy: Přidat tag
Žádné tagy, Buďte první, kdo vytvoří štítek k tomuto záznamu!

MARC

LEADER 00000nam a2200000 a 4500
001 UCL6935
003 CL-VaPUC
008 040423e20000000SP |||||||||||||||||spa|d
020 |a 8449417139 
082 0 4 |a 862  |b VEG  |2 21 
100 0 |a Vega, Lope de  |e author  |9 319628 
245 1 0 |a Teatro 
300 |a 429 p 
942 |c BK 
945 |d 20040423 00:00:00  |a cmena 
260 |a Barcelona  |b Océano  |c 2000 
650 0 |a Dramas españoles  |9 267081 
650 0 |a Literatura española  |9 306261 
583 |a last modification  |c 20040423 00:00:00  |k Rodrigo Vera 
490 0 |a Biblioteca Universal 
999 |c 308812  |d 308810 
952 |0 0  |1 0  |4 0  |6 862_000000000000000_VEG_2000  |7 0  |8 A  |9 375678  |a BIBEDU  |b BIBEDU  |d 2019-11-21  |i 4005244  |o 862 VEG 2000  |p 4005244  |r 2019-11-21  |w 2019-11-21  |y BK  |k LIT